Littérature russe - Statistiques

Statistiques générales
  • Ce quiz a été pris 395 fois
  • Le résultat moyen est 4 sur 10
Statistiques - réponses
Hint Réponse % Correct
Anna Karenine Tolstoï
99%
Les Frères Karamazov Dostoïevski
93%
Le Nez Gogol
59%
Eugène Oneguine Pouchkine
51%
Le Maître et Marguerite Boulgakov
40%
Docteur Jivago Pasternak
30%
Les Mémoires d'un Chasseur Tourgueniev
27%
La Mère Gorki
16%
La Roue Rouge Soljenitsyne
16%
Un Héros de notre Temps Lermontov
12%
Aucun quiz correspondant
Distribution des résultats
% des personnes avec chaque résultat
Percentile par nombre de réponses
Votre historique - résultats
Vous n’avez pas pris ce quiz